| 000 | 00994nam a22002657a 4500 | ||
|---|---|---|---|
| 003 | BPGM | ||
| 008 | 260626e2007 mx o|||g |||||000 0 spa d | ||
| 040 | _bspa | ||
| 041 |
_aspa _hspa |
||
| 082 | 0 | 4 |
_a759.972 _bS33 |
| 100 |
_aSCHARA, CESAR JULIO _eAUTOR |
||
| 245 | _aLAURO LÓPEZ VIDA, OBRA Y PALABRA | ||
| 250 |
_aPRIMERA EDICION _b2007 |
||
| 260 |
_aMÉXICO _bUNIVERSIDAD AUTONOMA DE QUERETARO _c2007 |
||
| 300 |
_a122 PÁGINAS _c21.5 cm x 14 cm |
||
| 336 |
_2rdacontent _atexto _btxt |
||
| 337 |
_2rdamedia _asin mediación _bn |
||
| 338 |
_2rdacarrier _avolumen _bnc |
||
| 490 | 0 | _aBELLAS ARTES | |
| 505 | _aes una edición biográfica publicada por la Universidad Autónoma de Querétaro que reúne testimonios, análisis y materiales sobre la trayectoria del artista queretano Lauro López (1930-1996). | ||
| 650 | _2LAS ARTES, BELLAS ARTES Y ARTES DECORATIVAS | ||
| 650 | _2PINTURA Y PINTURAS | ||
| 650 | _2TRATAMIENTO HISTÓRICO, GEOGRÁFICO, DE PERSONAS | ||
| 942 |
_2ddc _cCOLQ |
||
| 999 |
_c68677 _d68677 |
||